Normal view
MARC view
Entry Personal Name
001 - CONTROL NUMBER
- control field: 30602
003 - CONTROL NUMBER IDENTIFIER
- control field: OSt
005 - DATE AND TIME OF LATEST TRANSACTION
- control field: 20260619135325.0
008 - FIXED-LENGTH DATA ELEMENTS
- fixed length control field: 260619|| aca||aabn | a|a d
040 ## - CATALOGING SOURCE
- Original cataloging agency: OSt
- Transcribing agency: OSt
100 ## - HEADING--PERSONAL NAME
- Personal name: Bateman, Barbara D
670 ## - SOURCE DATA FOUND
- Source citation: Work cat.: (OSt)24944: Bateman, Barbara D. , Elements of Successful Teaching: General & Special Education Students, 2004
